000 00409nam a2200145Ia 4500
008 230711s9999||||xx |||||||||||||| ||und||
041 _aENG
082 _a720
_bMA-M
100 _aMatthews, Geoffrey Mark.
245 0 _aMuseums and art galleries : a design and development guide
250 _a1st . Ed.
260 _c1991
_aNew York
_bButterworth Architecture Publisher
650 _aArchitecture
942 _cBK
999 _c2227
_d2227